00425 2200181 4500001002100000005001500021008004100036020002200077035001900099041000700118082000800125090001400133100001900147245001900166260001700185300002000202650002100222INLIS00000000000331920241224112712241224||||||||| | ||| |||| || |  a978-979-8006-00-6 0010-1224003319 aid0 a819 a819 ASI c0 aAsikin Hidayat00aCentang Barang bKiblatc2014 a128 hlm.; 20 cm 0aIlmu Kesusatraan